Fyzickogeografické pomery Podhradskej kotliny

Bibliographic Details
Main Author: Michaeli, Eva, 1943- (Author)
Format: Article
Language:Slovak
PhysicalDescription:Obr. 7. Tb. 3. Mapy 4. Res. rus., angl., lit. 23 zázn. v slov., češ.
Subjects:

MARC

LEADER 00000nab a2200000 a 4500
001 vtls000142232
003 SK-MaSNL
005 20260303025848.0
008 160204c1982 xo 0 slo
015 |a SNBRA19rr/mm-uuuuu 
035 |a CL0152339 
040 |a SNKBUCL  |b slo  |c SNKBUCL  |e AACR2 
041 0 |a slo 
044 |a xo  |c SK 
080 |a 911.2  |2 1981 
100 1 |a Michaeli, Eva,  |d 1943-  |4 aut  |9 109363 
245 1 0 |a Fyzickogeografické pomery Podhradskej kotliny  |c Eva Michaeli 
300 |b Obr. 7. Tb. 3. Mapy 4. Res. rus., angl., lit. 23 zázn. v slov., češ. 
651 7 |a Podhradská kotlina (Slovensko)  |2 snkbucl  |9 171028 
655 7 |a články zo zborníkov  |2 snkbucl  |9 166140 
773 0 |t Zborník Pedagogickej fakulty v Prešove Univerzity P.J. Šafárika v Košiciach. Prírodné vedy 1  |d Bratislava : SPN, 1982  |g S. 181-201 
850 |a Slovenská národná knižnica v Martine  |a MTA001 
852 |a SNK  |b KIS3GCP 
958 |a NB 
958 |a RK 
992 |a RZB 
999 |c 1648839  |d 1650769